[Event "Otwarte Mistrzostwa Warszawy w szachach klasycznych - gr. A"]
[Site "Warszawa"]
[Date "1899-12-30"]
[Round "1.1"]
[White "Polak, Michal"]
[Black "Chomczyk, Marek"]
[Result "0-1"]
[WhiteTitle "I+"]
[BlackTitle "k++"]
[WhiteElo "1883"]
[BlackElo "2215"]

1. e4 2. c5 3. Nc3 4. Nc6 5. Bb5 6. Nd4 7. Nf3 8. g6 9. Nxd4 10. cxd4 11. Ne2 12.
Bg7 13. c3 14. Nf6 15. d3 16. dxc3 17. bxc3 18. Qa5 19. Qa4 20. Qc7 21. Qc4 22.
Qxc4 23. Bxc4 24. d6 25. Rb1 26. b6 27. a4 28. Bd7 29. Bb5 30. O-O 31. Ba3 32.
Rfc8 33. Kd2 34. Rc7 35. f4 36. Bg4 37. Nd4 38. Bc8 39. g3 40. Bb7 41. a5 42.
bxa5 43. Rb3 44. Rd8 45. Ba4 46. Bxe4 47. dxe4 48. Nxe4+ 49. Ke3 50. Nxc3 51.
Nb5 52. Nd5+ 53. Kd3 54. Rb7 55. Nd4 56. Nb4+ 57. Bxb4 58. axb4 59. Nc6 60. Rc8
61. Nxb4 62. Rc5 63. Rhb1 64. Bf6 65. Na6 66. Rxb3+ 67. Rxb3 68. Ra5 69. Bb5 70.
Ra2 71. h3 72. Rh2 73. Bd7 74. e6 75. h4 76. Kg7 77. Nc7 78. Bd8 79. Nb5 80. Rh3
81. Kc4 82. d5+ 83. Kb4 84. Bb6 85. Rf3 86. Rh2 87. Nc3 88. Rg2 89. Bb5 90. h5
91. Kb3 92. Kf6 93. Bf1 94. Rf2 95. Be2 96. Kf5 97. Kc2 98. Rg2 99. Kd3 100. Bf2
101. Nd1 102. Bb6 103. Ne3+ 104. Bxe3 105. Rxe3 106. Rg1 107. Kd2 108. Ra1 109.
Rc3 110. Ra2+ 111. Ke1 112. Ke4 113. Rc7 114. d4 115. Rxf7 116. Ke3 117. Bd1 118.
Rh2 119. Kf1 0-1

[Event "Otwarte Mistrzostwa Warszawy w szachach klasycznych - gr. A"]
[Site "Warszawa"]
[Date "1899-12-30"]
[Round "1.2"]
[White "Adamski, Jan"]
[Black "Rzeszowski, Dominik"]
[Result "1/2-1/2"]
[WhiteTitle "IM"]
[BlackTitle "I++"]
[WhiteElo "2170"]
[BlackElo "1877"]

1. Nf3 2. Nf6 3. c4 4. c5 5. d4 6. cxd4 7. Nxd4 8. e5 9. Nb5 10. d5 11. cxd5 12.
Bc5 13. e3 14. Bf5 15. Be2 16. O-O 17. N5c3 18. Nbd7 19. Nd2 20. e4 21. g4 22.
Bg6 23. h4 24. h6 25. g5 26. hxg5 27. hxg5 28. Nh7 29. Ndxe4 30. Nxg5 31. Ng3
32. Nf6 33. Bd3 34. Qe8 35. Bxg6 36. fxg6 37. Bd2 38. b5 39. a3 40. a5 41. d6
42. b4 43. Qb3+ 1/2-1/2

[Event "Otwarte Mistrzostwa Warszawy w szachach klasycznych - gr. A"]
[Site "Warszawa"]
[Date "1899-12-30"]
[Round "1.3"]
[White "Dalkowski, Rafal"]
[Black "Maciaga, Marcin"]
[Result "1-0"]
[WhiteTitle "I"]
[BlackTitle "k+"]
[WhiteElo "1806"]
[BlackElo "2117"]

1. d4 2. f5 3. c4 4. Nf6 5. Nf3 6. g6 7. g3 8. Bg7 9. Bg2 10. O-O 11. O-O 12. d6
13. Nc3 14. c6 15. Bf4 16. h6 17. h4 18. Nh5 19. Qd2 20. Nxf4 21. Qxf4 22. Nd7
23. e4 24. e5 25. dxe5 26. Nxe5 27. Nxe5 28. dxe5 29. Qf3 30. f4 31. Rad1 32.
Qf6 33. c5 34. Qf7 35. Rd6 36. g5 37. Rfd1 38. h5 39. hxg5 40. Bg4 41. g6 42.
Qc4 43. Qd3 44. Qxc5 45. Na4 46. Qb4 47. f3 48. Qxa4 49. fxg4 50. hxg4 51. Bf1
52. Qb4 53. Qc4+ 54. Qxc4 55. Bxc4+ 56. Kh8 57. Kg2 58. Rf6 59. Rh1+ 60. Bh6 61.
Rxf6 62. Kg7 63. Rd6 64. Rh8 65. Be6 66. f3+ 67. Kf1 1-0

[Event "Otwarte Mistrzostwa Warszawy w szachach klasycznych - gr. A"]
[Site "Warszawa"]
[Date "1899-12-30"]
[Round "1.4"]
[White "Jarzebowski, Kacper"]
[Black "Grodecki, Filip"]
[Result "0-1"]
[WhiteTitle "k+"]
[BlackTitle "I"]
[WhiteElo "2107"]
[BlackElo "1801"]

1. e4 2. c5 3. Ne2 4. Nc6 5. g3 6. g6 7. Bg2 8. Bg7 9. O-O 10. d6 11. c3 12. e6
13. d4 14. cxd4 15. Nxd4 16. Nge7 17. Be3 18. O-O 19. a4 20. b6 21. Nxc6 22. Nxc6
23. Na3 24. Qe7 25. Qd2 26. Ba6 27. Rfe1 28. Ne5 29. Bd4 30. Rac8 31. Rad1 32.
Rfd8 33. f4 34. Nc4 35. Nxc4 36. Bxd4+ 37. Qxd4 38. Rxc4 39. Qd2 40. Qc7 41. f5
42. Qc5+ 43. Kh1 44. exf5 45. exf5 46. Qxf5 47. Re7 48. Rd7 49. Rf1 50. Rxe7 51.
Rxf5 52. gxf5 53. Bf1 54. Rxa4 55. Bxa6 56. Rxa6 57. b4 58. f4 59. gxf4 60. Ra1+
61. Kg2 62. Rae1 63. Kf3 64. h5 65. Kg3 66. Rg1+ 67. Kf2 68. Rge1 69. Kg3 70.
R7e3+ 71. Kh4 72. R1e2 73. Qxd6 74. Rxh2+ 75. Kg5 76. Rg2+ 77. Kf5 78. Re6 79.
Qd1 80. Rh6 81. Qd8+ 82. Kh7 83. Qd5 84. Rg7 85. c4 86. h4 87. Ke5 88. h3 89.
Qd3+ 90. Kh8 91. Qf3 92. h2 93. Qa8+ 94. Rg8 95. Qh1 96. Rg1 97. Qa8+ 98. Kg7
0-1

[Event "Otwarte Mistrzostwa Warszawy w szachach klasycznych - gr. A"]
[Site "Warszawa"]
[Date "1899-12-30"]
[Round "1.5"]
[White "Mulawa, Cyprian"]
[Black "Gorniewicz, Oskar"]
[Result "1-0"]
[WhiteTitle "I"]
[BlackTitle "I"]
[WhiteElo "1773"]
[BlackElo "1931"]

1. e4 2. d6 3. d4 4. Nf6 5. Nc3 6. g6 7. f4 8. Bg7 9. Bd3 10. O-O 11. Nf3 12. Bg4
13. h3 14. Bxf3 15. Qxf3 16. Nc6 17. Be3 18. e5 19. fxe5 20. dxe5 21. d5 22. Nb4
23. O-O 24. Nxd3 25. cxd3 26. Ne8 27. Nb5 28. a6 29. Na3 30. f5 31. Qe2 32. Nd6
33. Bc5 34. b6 35. Bb4 36. a5 37. Bxd6 38. cxd6 39. Rac1 40. Rc8 41. Rc6 42. Rxc6
43. dxc6 44. d5 45. Nb5 46. Qe7 47. Qc2 48. dxe4 49. dxe4 50. Bh6 51. Qc3 52.
Rc8 53. c7 54. fxe4 55. Qc6 56. Be3+ 57. Kh1 58. Bc5 59. Qb7 60. Qd7 61. Qxe4
62. Qxb5 63. Qd5+ 64. Kg7 65. Rf7+ 66. Kh6 67. Qd2+ 68. g5 69. Rf6+ 70. Kg7 71.
Qxg5+ 72. Kh8 73. Qxe5 74. Kg8 75. Qe6+ 76. Kg7 77. Rf7+ 1-0

[Event "Otwarte Mistrzostwa Warszawy w szachach klasycznych - gr. A"]
[Site "Warszawa"]
[Date "1899-12-30"]
[Round "1.6"]
[White "Celinski, Kamil"]
[Black "Rejniak, Zuzanna"]
[Result "1-0"]
[WhiteTitle "I++"]
[BlackTitle "k"]
[WhiteElo "1927"]
[BlackElo "1718"]

1. e4 2. c5 3. Nf3 4. d6 5. Bb5+ 6. Bd7 7. Bxd7+ 8. Qxd7 9. c4 10. Nc6 11. d4 12.
cxd4 13. Nxd4 14. g6 15. Nc3 16. Bg7 17. Be3 18. Nf6 19. f3 20. O-O 21. O-O 22.
Rfd8 23. Qd2 24. Rab8 25. Rac1 26. b6 27. Rfd1 28. Ne5 29. b3 30. Qc8 31. Nd5
32. Rb7 33. Bg5 34. a6 35. h3 36. Nc6 37. Ne2 38. Ne8 39. Be3 40. Qb8 41. Nd4
42. Nxd4 43. Bxd4 44. e6 45. Bxg7 46. Kxg7 47. Qc3+ 48. Kg8 49. Ne3 50. h5 51.
Qe1 52. b5 53. Qh4 54. bxc4 55. Nxc4 56. Rc8 57. Kh1 58. Rb5 59. Qf4 60. d5 61.
Ne5 62. f6 63. Rxc8 64. Qxe5 65. Qxe5 66. fxe5 67. Rxe8+ 1-0

[Event "Otwarte Mistrzostwa Warszawy w szachach klasycznych - gr. A"]
[Site "Warszawa"]
[Date "1899-12-30"]
[Round "1.7"]
[White "Bartodziej, Bartosz"]
[Black "Jedrusik, Adam"]
[Result "1-0"]
[WhiteTitle "I"]
[BlackTitle "I"]
[WhiteElo "1695"]
[BlackElo "1910"]

1. e4 2. c6 3. d4 4. g6 5. Nf3 6. Bg7 7. Bd3 8. d5 9. e5 10. c5 11. c3 12. Nc6
13. O-O 14. Bg4 15. Nbd2 16. e6 17. h3 18. h5 19. Qa4 20. c4 21. Be2 22. a6 23.
Qd1 24. Bh6 25. b3 26. cxb3 27. axb3 28. f5 29. b4 30. Bxf3 31. Nxf3 32. Rc8 33.
Bxh6 34. Nxh6 35. Nd2 36. Nb8 37. Nb3 38. Nd7 39. Qd2 40. Qh4 41. b5 42. f4 43.
bxa6 44. bxa6 45. Rxa6 46. Nf5 47. Rxe6+ 48. Kf7 49. Ra6 50. Rhe8 51. Bf3 1-0

[Event "Otwarte Mistrzostwa Warszawy w szachach klasycznych - gr. A"]
[Site "Warszawa"]
[Date "1899-12-30"]
[Round "1.8"]
[White "Malek, Jan"]
[Black "Wiktorowski, Janusz"]
[Result "1-0"]
[WhiteTitle "I++"]
[BlackTitle "I"]
[WhiteElo "1883"]
[BlackElo "1442"]

1. e4 2. e5 3. Nf3 4. Nc6 5. Bb5 a6 6. Ba4 7. Bc5 8. O-O 9. d6 10. c3 11. b5 12.
Bb3 13. Bg4 14. Bd5 15. Qd7 16. Bxc6 17. Qxc6 18. Nxe5 19. dxe5 20. Qxg4 21. Nf6
22. Qf5 23. Qxe4 24. Qxe4 25. Nxe4 26. d4 27. Bb6 28. Re1 29. Nd6 30. dxe5 31.
Nf5 32. Nd2 33. O-O-O 34. Nf3 35. h6 36. Bf4 37. g5 38. Bc1 39. Rd3 40. a4 41.
bxa4 42. Rxa4 43. Kb7 44. h4 45. gxh4 46. Nxh4 47. Ne7 48. Rf4 49. Rh7 50. Rf6
51. Rg7 52. Bxh6 53. Rg4 54. Rf4 55. Rg8 56. Rxf7 57. Rh3 58. Nf3 59. Rxh6 60.
Rxe7 61. Rh3 62. Kf1 63. Rh1+ 64. Ke2 65. Rh5 66. Rg1 67. Rd8 68. g4 69. Rh3 70.
Rf7 Rh6 71. g5 72. Re6 73. g6 74. Rg8 75. g7 76. Ree8 77. Rg6 78. Bc5 79. b4 80.
Be7 81. Re6 82. Bd8 83. Rxe8 1-0

[Event "Otwarte Mistrzostwa Warszawy w szachach klasycznych - gr. A"]
[Site "Warszawa"]
[Date "1899-12-30"]
[Round "2.1"]
[White "Chomczyk, Marek"]
[Black "Mulawa, Cyprian"]
[Result "1/2-1/2"]
[WhiteTitle "k++"]
[BlackTitle "I"]
[WhiteElo "2215"]
[BlackElo "1773"]

1. e4 2. c5 3. Nf3 4. Nc6 5. d4 6. cxd4 7. Nxd4 8. Nf6 9. Nc3 10. e5 11. Ndb5 12.
d6 13. Bg5 14. a6 15. Na3 16. b5 17. Bxf6 18. gxf6 19. Nd5 20. f5 21. Bd3 22.
Be6 23. c3 24. Bg7 25. Nxb5 26. axb5 27. Bxb5 28. Bd7 29. exf5 30. O-O 31. O-O
32. Rb8 33. a4 34. Re8 35. Qh5 36. Ne7 37. Nxe7+ 38. Qxe7 39. Bxd7 40. Qxd7 41.
b4 42. e4 43. Ra3 44. Re5 45. a5 46. d5 47. a6 48. Qa7 49. Qg4 50. Kh8 51. Qf4
52. f6 53. Ra5 54. Bf8 55. Rd1 56. Rd8 57. g3 58. Bd6 59. Qe3 60. Bb8 61. Qxa7
62. Bxa7 63. Kg2 64. Rxf5 65. Rd2 66. Re5 67. Rb5 68. Rd7 69. c4 70. d4 71. c5
72. e3 73. fxe3 74. dxe3 75. Rxd7 76. e2 77. Rxa7 78. e1=Q 79. Rb8+ 80. Re8 81.
Raa8 82. Qe2+ 83. Kh3 84. Qh5+ 85. Kg2 86. Qe2+ 87. Kh3 88. Qh5+ 89. Kg2 90. Qe2+
1/2-1/2

[Event "Otwarte Mistrzostwa Warszawy w szachach klasycznych - gr. A"]
[Site "Warszawa"]
[Date "1899-12-30"]
[Round "2.2"]
[White "Grodecki, Filip"]
[Black "Celinski, Kamil"]
[Result "1/2-1/2"]
[WhiteTitle "I"]
[BlackTitle "I++"]
[WhiteElo "1801"]
[BlackElo "1927"]

1. d4 2. Nf6 3. Bf4 4. d5 5. e3 6. c5 7. c3 8. Nc6 9. Nd2 10. cxd4 11. exd4 12.
Bf5 13. Ngf3 14. e6 15. Be2 16. h6 17. O-O 18. Be7 19. h3 20. O-O 21. Ne5 22.
Nxe5 23. dxe5 24. Nd7 25. Nf3 26. Be4 27. Nd4 28. Bg5 29. Bh2 30. a6 31. f4 32.
Be7 33. Kh1 34. Rc8 35. Bg4 36. Bc5 37. f5 38. Bxd4 39. fxe6 40. Nxe5 41. exf7+
42. Nxf7 43. Bxc8 44. Qxc8 45. Qxd4 46. Ng5 47. Rxf8+ 48. Qxf8 49. Qe3 50. Qf5
51. Kg1 52. Qg6 53. Rf1 54. Bd3 55. Rf2 56. Bc4 57. Be5 58. Bxa2 59. Qg3 60. Bb1
61. Rd2 62. Qf7 63. Bd4 64. Be4 65. h4 66. Ne6 67. Be3 68. Kh7 69. Rf2 70. Qh5
71. Qd6 72. Qd1+ 73. Kh2 74. Qg4 75. Kg1 76. Qd1+ 77. Kh2 78. Qg4 1/2-1/2

[Event "Otwarte Mistrzostwa Warszawy w szachach klasycznych - gr. A"]
[Site "Warszawa"]
[Date "1899-12-30"]
[Round "2.3"]
[White "Bartodziej, Bartosz"]
[Black "Malek, Jan"]
[Result "0-1"]
[WhiteTitle "I"]
[BlackTitle "I++"]
[WhiteElo "1695"]
[BlackElo "1883"]

1. e4 2. d6 3. d4 4. Nf6 5. Nc3 6. Nbd7 7. Nf3 8. e5 9. dxe5 10. dxe5 11. Bc4 12.
Be7 13. O-O 14. O-O 15. h3 16. c6 17. a4 18. Qc7 19. Qe2 20. Nc5 21. Bg5 22. Ne6
23. Be3 24. b6 25. Rad1 26. a6 27. Bc1 28. b5 29. Bxe6 30. Bxe6 31. b3 32. h6
33. Bb2 34. Rfd8 35. Qe3 36. Nd7 37. axb5 38. axb5 39. Ra1 40. Bc5 41. Qe2 42.
f6 43. Nh4 44. Nf8 45. Nd1 46. Rxa1 47. Bxa1 48. Qd7 49. Bc3 50. b4 51. Ba1 52.
Qd2 53. Qxd2 54. Rxd2 55. c3 56. Bxb3 57. cxb4 58. Bxb4 59. Ne3 60. Bc2 61. Nxc2
62. Rxc2 63. Nf5 64. Bc5 65. g3 66. Ne6 67. h4 68. h5 0-1

[Event "Otwarte Mistrzostwa Warszawy w szachach klasycznych - gr. A"]
[Site "Warszawa"]
[Date "1899-12-30"]
[Round "2.6"]
[White "Rzeszowski, Dominik"]
[Black "Jarzebowski, Kacper"]
[Result "0-1"]
[WhiteTitle "I++"]
[BlackTitle "k+"]
[WhiteElo "1877"]
[BlackElo "2107"]

1. e4 2. c5 3. Nc3 4. a6 5. g3 6. b5 7. Bg2 8. Bb7 9. d3 10. d6 11. f4 12. Nd7
13. Nh3 14. Ngf6 15. O-O 16. e5 17. f5 18. Be7 19. Nf2 20. h5 21. Nh3 22. Qc7
23. Ng5 24. b4 25. Na4 26. d5 27. c3 28. c4 29. exd5 30. Nxd5 31. d4 32. exd4
33. Qxd4 34. N7f6 35. Bxd5 36. Bxd5 37. Bf4 38. Qa7 39. Rfe1 40. O-O 41. Be3 42.
Qb7 43. Qb6 44. Qd7 45. Bf4 46. Bd8 47. Qxb4 48. a5 49. Qa3 50. Qxf5 51. Rad1
52. Bc6 53. Qc5 54. Qxc5+ 55. Nxc5 56. Bb6 57. Be3 58. Rfe8 59. Bd4 60. Rab8 61.
Rxe8+ 62. Rxe8 63. Nce6 64. Bxd4+ 65. Nxd4 66. Bd5 67. Nh3 68. Kh7 69. Nf4 70.
Be4 71. b3 72. g5 73. Ng2 74. Rc8 75. Nb5 76. Rc5 77. bxc4 78. Rxc4 79. Ne3 80.
Rc5 81. c4 82. h4 83. Nd6 84. hxg3 85. hxg3 86. Kg6 87. Nxe4 88. Nxe4 89. Rd5
90. Rxd5 91. Nxd5 92. Nxg3 93. c5 94. Ne2+ 95. Kf2 96. Nd4 97. Ke3 98. Nc6 99.
Nc3 100. f5 0-1

[Event "Otwarte Mistrzostwa Warszawy w szachach klasycznych - gr. A"]
[Site "Warszawa"]
[Date "1899-12-30"]
[Round "2.7"]
[White "Gorniewicz, Oskar"]
[Black "Polak, Michal"]
[Result "1/2-1/2"]
[WhiteTitle "I"]
[BlackTitle "I+"]
[WhiteElo "1931"]
[BlackElo "1883"]

1. d4 2. Nf6 3. Nf3 4. b6 5. g3 6. Bb7 7. Bg2 8. e6 9. O-O 10. c5 11. c3 12. Be7
13. Nbd2 14. O-O 15. Re1 16. d6 17. e4 18. Nbd7 19. a3 20. Qc7 21. e5 22. dxe5
23. dxe5 24. Ne8 25. Nf1 26. c4 27. Qd4 28. b5 29. Bg5 30. Nc5 31. Qh4 32. Bxg5
33. Qxg5 34. h6 35. Qe3 36. Nd3 37. Re2 38. a6 39. a4 40. Qc5 41. Rd1 42. Qxe3
43. Nxe3 44. Nc5 45. axb5 46. axb5 47. Nd4 48. Bxg2 49. Kxg2 50. Nc7 51. Nec2
52. Nd3 53. Ne1 54. Nc5 55. Nc6 56. Rfe8 57. Nb4 58. N7a6 59. Nec2 60. Nxb4 61.
Nxb4 62. Nb3 63. Ree1 64. Red8 65. Nc6 66. Rd3 67. Rxd3 68. cxd3 69. Rd1 70. d2
71. Nd4 72. Ra1 73. Nxb3 74. Rxd1 75. Kf3 76. Re1 77. Nxd2 78. Rxe5 79. Nb3 80.
Kf8 81. Nd4 82. Rc5 83. Ke4 84. Ke7 85. f4 86. f5+ 87. Kd3 88. g6 89. b4 90. Rd5
91. c4 92. bxc4+ 93. Kxc4 94. Kd6 95. Nb5+ 96. Kc6 97. Nd4+ 98. Kb6 99. Nxe6 100.
Rd2 101. Nf8 102. Rxh2 103. Nxg6 104. Rg2 105. Ne7 106. Rxg3 107. Nxf5 108. Rg6
109. Ne7 110. Rg4 111. Nd5+ 112. Kb7 113. Kd3 114. h5 115. f5 116. h4 117. f6
118. Rg8 119. Ne7 120. Rf8 121. Ng6 122. h3 123. Nxf8 124. h2 125. f7 126. h1=Q
127. Ne6 128. Qd5+ 129. Kc3 130. Qe5+ 131. Kd3 132. Qd6+ 133. Kc3 134. Qe5+ 135.
Kd3 136. Qf5+ 137. Kc3 138. Qf6+ 139. Kd3 140. Qf1+ 141. Kd2 142. Qf2+ 143. Kd3
144. Qg3+ 145. Kd2 146. Qg2+ 147. Kd3 148. Qd5+ 149. Kc2 150. Qc4+ 151. Kd1 152.
Qb3+ 153. Kc1 154. Qc4+ 155. Kd1 156. Qb3+ 157. Kc1 158. Qa3+ 159. Kc2 160. Qa2+
161. Kc1 162. Qc4+ 1/2-1/2

[Event "Otwarte Mistrzostwa Warszawy w szachach klasycznych - gr. A"]
[Site "Warszawa"]
[Date "1899-12-30"]
[Round "2.8"]
[White "Jedrusik, Adam"]
[Black "Rejniak, Zuzanna"]
[Result "0-1"]
[WhiteTitle "I"]
[BlackTitle "k"]
[WhiteElo "1910"]
[BlackElo "1718"]

1. d4 2. f5 3. Bg5 4. Nf6 5. Bxf6 6. exf6 7. g3 8. d5 9. Bg2 10. c6 11. e3 12.
Be6 13. Ne2 14. Nd7 15. Nd2 16. g6 17. O-O 18. Bd6 19. b3 20. O-O 21. c3 22. Bf7
23. Qc2 24. b5 25. c4 26. b4 27. Rac1 28. Rc8 29. Qb2 30. a5 31. Rc2 32. Nb8 33.
cxd5 34. cxd5 35. Rfc1 36. Qd7 37. Nf3 38. Na6 39. Ne1 40. Nc7 41. Nd3 42. Nb5
43. Ndf4 44. Bxf4 45. gxf4 46. Be6 47. Rc5 48. Qb7 49. Qc2 50. Rfd8 51. Bxd5 52.
Qxd5 53. Rxd5 54. Rxd5 55. Qxc8+ 56. Bxc8 57. Rxc8+ 58. Kf7 59. Ra8 60. Ke6 61.
Kf1 62. Nd6 63. Nc1 64. Ne4 65. Nd3 66. Rb5 67. Ra6+ 68. Kd5 69. Nb2 70. Nc3 71.
Nc4 72. a4 73. f3 74. axb3 75. Rd6+ 76. Kxc4 0-1

[Event "Otwarte Mistrzostwa Warszawy w szachach klasycznych - gr. A"]
[Site "Warszawa"]
[Date "1899-12-30"]
[Round "3.1"]
[White "Malek, Jan"]
[Black "Dalkowski, Rafal"]
[Result "1-0"]
[WhiteTitle "I++"]
[BlackTitle "I"]
[WhiteElo "1883"]
[BlackElo "1806"]

1. e4 c5 2. Nf3 g6 3. c3 Bg7 4. d4 cxd4 5. cxd4 d5 6. e5 Bg4 7. Qb3 Qd7 8. Nbd2
e6 9. h3 Bxf3 10. Nxf3 Ne7 11. Bd3 O-O 12. O-O Nbc6 13. Bd2 f6 14. Rae1 Qc7 15.
Qc2 Rac8 16. exf6 Rxf6 17. Bc3 Rxf3 18. gxf3 Qd7 19. Qe2 Kf7 20. Qe3 Ng8 21. Qf4+
Bf6 22. Re2 g5 23. Qg4 Nh6 24. Qh5+ Kg7 25. Rfe1 Re8 26. f4 gxf4 27. Kh1 Nf7 28.
Qxh7+ Kf8 29. Bb5 Ke7 30. Qg6 Ng5 31. Bb4+ Nxb4 32. Bxd7 Rh8 33. Rxe6+ Kxd7 34.
Rxf6 1-0

[Event "Otwarte Mistrzostwa Warszawy w szachach klasycznych - gr. A"]
[Site "Warszawa"]
[Date "1899-12-30"]
[Round "3.2"]
[White "Celinski, Kamil"]
[Black "Chomczyk, Marek"]
[Result "1/2-1/2"]
[WhiteTitle "I++"]
[BlackTitle "k++"]
[WhiteElo "1927"]
[BlackElo "2215"]

1. e4 c5 2. Nf3 d6 3. Bb5+ Nd7 4. a4 g6 5. Nc3 Bg7 6. O-O Ngf6 7. a5 O-O 8. d4
cxd4 9. Nxd4 Nc5 10. Re1 e5 11. Nf3 Be6 12. Bg5 h6 13. Bxf6 Bxf6 14. Nd5 Bg7 15.
b4 Nd7 16. a6 Rb8 17. axb7 Rxb7 18. Bc6 Bxd5 19. Qxd5 Nb6 1/2-1/2

[Event "Otwarte Mistrzostwa Warszawy w szachach klasycznych - gr. A"]
[Site "Warszawa"]
[Date "1899-12-30"]
[Round "3.3"]
[White "Mulawa, Cyprian"]
[Black "Grodecki, Filip"]
[Result "1-0"]
[WhiteTitle "I"]
[BlackTitle "I"]
[WhiteElo "1773"]
[BlackElo "1801"]

1. e4 c5 2. Nf3 g6 3. d4 cxd4 4. Qxd4 Nf6 5. e5 Nc6 6. Qa4 Nd5 7. Qb3 Nc7 8. Bc4
Ne6 9. Bxe6 dxe6 10. O-O Bg7 11. Bf4 O-O 12. Na3 a6 13. Rad1 Qc7 14. Rfe1 b6 15.
c4 Bb7 16. Qe3 Rfd8 17. b3 Nb4 18. Nd4 Qc5 19. Nac2 Nxa2 20. Qd2 a5 21. Ne3 Nb4
22. Qc3 Bxe5 23. Bxe5 Qxe5 24. Nef5 Qf6 25. Nh6+ Kf8 26. Rxe6 Rxd4 27. Rxd4 fxe6
28. Rf4 Kg7 29. Rxf6 exf6 30. Ng4 e5 31. f4 Bc8 32. Qf3 Ra7 33. fxe5 Bxg4 34.
exf6+ Kf7 35. Qxg4 Kxf6 36. Qd4+ Kf7 37. Qxb6 Re7 38. Qxa5 Re1+ 39. Kf2 Nd3+ 40.
Kf3 Ne5+ 41. Kg3 Re3+ 42. Kf4 1-0

[Event "Otwarte Mistrzostwa Warszawy w szachach klasycznych - gr. A"]
[Site "Warszawa"]
[Date "1899-12-30"]
[Round "3.4"]
[White "Adamski, Jan"]
[Black "Bartodziej, Bartosz"]
[Result "1-0"]
[WhiteTitle "IM"]
[BlackTitle "I"]
[WhiteElo "2170"]
[BlackElo "1695"]

1. Nf3 Nf6 2. c4 g6 3. Nc3 d5 4. cxd5 Nxd5 5. Qa4+ Bd7 6. Qh4 Nxc3 7. dxc3 Bg7
8. Bh6 Bf6 9. Qc4 Nc6 10. O-O-O e5 11. Qb3 e4 12. Nd2 Qe7 13. Qc4 O-O-O 14. Qxe4
Be5 15. e3 Bf5 16. Qa4 Qf6 17. e4 Bg4 18. f3 g5 19. fxg4 Qxh6 20. Bb5 Rd6 21.
Bxc6 Rxc6 22. Nf3 Bf4+ 23. Kb1 a6 24. Qd4 Qf6 25. g3 1-0

[Event "Otwarte Mistrzostwa Warszawy w szachach klasycznych - gr. A"]
[Site "Warszawa"]
[Date "1899-12-30"]
[Round "3.5"]
[White "Wiktorowski, Janusz"]
[Black "Jarzebowski, Kacper"]
[Result "0-1"]
[WhiteTitle "I"]
[BlackTitle "k+"]
[WhiteElo "1442"]
[BlackElo "2107"]

1. e4 c5 2. Nf3 a6 3. d4 cxd4 4. Nxd4 Nf6 5. Nc3 e5 6. Nb3 Bb4 7. Bc4 Qc7 8. Qd3
b5 9. Bd5 Nxd5 10. exd5 O-O 11. O-O Be7 12. a3 d6 13. f4 Nd7 14. Be3 Bb7 15. Rad1
Rac8 16. Rf3 f5 17. Rg3 Qc4 18. Qd2 Bd8 19. Qf2 Nf6 20. Nd2 Qc7 21. fxe5 Ng4 22.
exd6 Qxd6 23. Qf4 Qxf4 24. Bxf4 g5 25. Be3 Nxe3 26. Rxe3 Bb6 27. Nf1 f4 0-1

[Event "Otwarte Mistrzostwa Warszawy w szachach klasycznych - gr. A"]
[Site "Warszawa"]
[Date "1899-12-30"]
[Round "3.7"]
[White "Polak, Michal"]
[Black "Maciaga, Marcin"]
[Result "1/2-1/2"]
[WhiteTitle "I+"]
[BlackTitle "k+"]
[WhiteElo "1883"]
[BlackElo "2117"]

1. e4 c5 2. Nf3 d6 3. d4 cxd4 4. Nxd4 Nf6 5. Nc3 Nc6 6. Bg5 e6 7. Qd2 a6 8. O-O-O
h6 9. Be3 Bd7 10. f3 Nxd4 11. Bxd4 Qc7 12. Kb1 b5 13. Bd3 h5 14. h4 b4 15. Ne2
e5 16. Be3 a5 17. Bg5 Be7 18. Ng3 g6 19. Nf1 Be6 20. Bb5+ Nd7 21. Bxd7+ Qxd7 22.
Bxe7 Kxe7 23. Ne3 Rhc8 24. Nd5+ Bxd5 25. exd5 Rc4 26. Qg5+ Ke8 27. b3 Rc3 28.
Qf6 Rac8 29. Rd2 Qc7 30. Rc1 a4 31. f4 axb3 32. fxe5 Rxc2 33. Rcxc2 bxc2+ 34.
Kc1 Qc3 35. Qh8+ Kd7 36. e6+ Ke7 37. Qxc3 Rxc3 38. Rxc2 Rc5 39. exf7 Kxf7 40.
Kb2 Rxd5 41. Kb3 Rd4 42. Rc4 Rd2 43. g4 hxg4 44. Rxg4 d5 45. Rxb4 Rd3+ 46. Kc2
Rh3 47. a4 Kf6 48. Kb2 Rh2+ 49. Kb3 Rh3+ 50. Kb2 Ke5 51. a5 Rf3 52. Rb6 Rf4 53.
Rxg6 Rxh4 54. Ka3 Rh1 55. Rg2 d4 56. a6 Rh6 57. Rg5+ Ke4 58. Ra5 Rh8 59. a7 Ra8
60. Kb4 d3 61. Kc3 d2 62. Kxd2 Kd4 1/2-1/2

[Event "Otwarte Mistrzostwa Warszawy w szachach klasycznych - gr. A"]
[Site "Warszawa"]
[Date "1899-12-30"]
[Round "3.8"]
[White "Rzeszowski, Dominik"]
[Black "Gorniewicz, Oskar"]
[Result "0-1"]
[WhiteTitle "I++"]
[BlackTitle "I"]
[WhiteElo "1877"]
[BlackElo "1931"]

1. e4 a6 2. a4 d6 3. Nc3 Nc6 4. d4 e5 5. Nf3 Bg4 6. dxe5 dxe5 7. Be3 Nf6 8. Be2
Bb4 9. Nd2 Be6 10. O-O O-O 11. f3 Nd4 12. Bd3 c5 13. Nc4 Qc7 14. Bg5 b5 15. Ne3
c4 16. Bxf6 cxd3 17. Ned5 Ne2+ 18. Nxe2 Qa7+ 19. Kh1 dxe2 20. Qxe2 Bxd5 21. exd5
gxf6 22. f4 Bd6 23. Qg4+ Kh8 24. Qf5 Qe7 25. Rf3 Rg8 26. Rh3 Rg7 27. axb5 exf4
28. bxa6 Re8 29. Qd3 Qe1+ 30. Qf1 Qxf1+ 31. Rxf1 Ra8 32. Ra1 Rg5 33. c4 Re5 34.
Rc3 Rxa6 0-1

[Event "Otwarte Mistrzostwa Warszawy w szachach klasycznych - gr. A"]
[Site "Warszawa"]
[Date "1899-12-30"]
[Round "4.1"]
[White "Mulawa, Cyprian"]
[Black "Malek, Jan"]
[Result "0-1"]
[WhiteTitle "I"]
[BlackTitle "I++"]
[WhiteElo "1773"]
[BlackElo "1883"]

1. e4 e5 2. Nf3 Nc6 3. Bb5 a6 4. Ba4 Nf6 5. O-O b5 6. Bb3 Be7 7. Re1 O-O 8. c3
d6 9. h3 Na5 10. Bc2 c5 11. d4 cxd4 12. cxd4 Qc7 13. Nbd2 Bb7 14. Nf1 Rfc8 15.
Bd3 Nc6 16. Ne3 Bf8 17. d5 Ne7 18. Bd2 Qb6 19. a4 Nd7 20. a5 Qd8 21. b4 f5 22.
Ng5 fxe4 23. Qg4 Qe8 24. Qe6+ Kh8 25. Nf7+ Qxf7 26. Qxf7 exd3 27. Qh5 Nf6 28.
Qd1 Nexd5 29. Qb3 Nxe3 30. Bxe3 e4 31. Rac1 Bd5 32. Qb2 Bc4 33. f3 d5 34. Bd4
Re8 35. Re3 Re6 36. Rce1 Rae8 37. g4 Bd6 38. fxe4 dxe4 39. Qf2 h6 40. Qh4 Bf4
41. Qf2 Nd5 42. h4 Bxe3 43. Bxe3 Nxe3 44. Rxe3 Rf6 45. Qd2 Rf3 46. g5 Rxe3 47.
Qxe3 Rd8 48. Qb6 Rd7 49. Qc6 Re7 50. Qd6 Re6 51. Qf8+ Kh7 52. Qf5+ Kg8 53. g6
Rf6 54. Qxe4 d2 55. Qe8+ Rf8 56. Qd7 Rf1+ 0-1

[Event "Otwarte Mistrzostwa Warszawy w szachach klasycznych - gr. A"]
[Site "Warszawa"]
[Date "1899-12-30"]
[Round "4.2"]
[White "Chomczyk, Marek"]
[Black "Adamski, Jan"]
[Result "1-0"]
[WhiteTitle "k++"]
[BlackTitle "IM"]
[WhiteElo "2215"]
[BlackElo "2170"]

1. e4 c5 2. Nf3 a6 3. c3 d5 4. exd5 Qxd5 5. d4 e6 6. Be2 Nf6 7. O-O cxd4 8. cxd4
Nc6 9. Nc3 Qd6 10. Be3 Be7 11. Nd2 O-O 12. Nc4 Qd8 13. Bf3 Nd5 14. Nxd5 exd5 15.
Bxd5 Nb4 16. Bf3 Be6 17. Nb6 Qxb6 18. d5 Bc5 19. Bxc5 Qxc5 20. dxe6 fxe6 21. Bxb7
Ra7 22. Be4 Raf7 23. Qd2 Rf4 24. Rac1 Qe5 25. f3 Nxa2 26. Rc4 a5 27. Re1 Qb8 28.
Qxa5 Qxb2 29. Kf1 Qb3 30. Qc5 Qb2 31. Rc2 Qb4 32. Qc4 Qxc4+ 33. Rxc4 g6 34. Re2
Ra8 35. Bxa8 Rxc4 36. Rxa2 Rc1+ 37. Kf2 Rc2+ 38. Rxc2 1-0